Taco Hemingway - Europa - Statystyki

Ogólne statystyki
  • Ten quiz został rozwiązany 447 razy
  • Średni wynik to 10 z 14
Statystyki odpowiedzi
Numer Gość Utwór % Poprawnych
3 Bedoes Europa
98%
1 Luxembourg
85%
9 Szpaku WWA Nie Berlin
81%
11 Borucci Na Paryskie Getto Pada Deszcz
77%
13 Toskania Outro
76%
8 Ortalion
74%
7 Sztylet
71%
2 Grand Prix
70%
10 Oki Pieniądz i Terror
67%
4 Pireneje
64%
6 Big Pharma
61%
12 Michael Essien Birthday Party
61%
5 Nie Ufam Sobie Sam
55%
Bonus Track GBP Freestyle
28%
Nie znaleziono quizów pasujących do podanych kryteriów
Rozkład punktacji
Procent ludzi z każdym wynikiem
Percentyl według liczby udzielonych odpowiedzi
Twoja historia wyników
Nie rozwiązałeś tego quizu